Explorations in parallel distributed processing. A handbook of models, programs and exercises /

Saved in:
Bibliographic Details
Main Authors: McClelland, J.L (Author), Rumelhart, D.E (Author)
Format: Book
Language:English
Published: Massachusetts : MIT Press, 1988
Edition:3.vyd.
Tags: Add Tag
No Tags, Be the first to tag this record!

MARC

LEADER 00000nam a22000003a 4500
001 stu1098
005 20150617225622.2
008 920127s1988----xxu-----------------eng-d
040 |a STU  |b slo 
041 0 |a eng 
044 |a xxu 
080 |a 681.32.013 
080 |a 519.687 
100 1 |a McClelland, J.L  |4 aut 
245 1 |a Explorations in parallel distributed processing. A handbook of models, programs and exercises /  |c [aut.] McClelland,J.L.; Rumelhart,D.E 
250 |a 3.vyd. 
260 |a Massachusetts :  |b MIT Press,  |c 1988 
300 |a 352 s 
700 1 |a Rumelhart, D.E  |4 aut 
996 |b I4568  |c I*4568  |l II680  |s A  |a 24  |w stu1098_0001